000 00767nam a2200241 u 4500
005 20230524064147.0
008 091112s2005 es r 000 0 spa d
020 _a8476587457
035 _aUPN01000173717
049 _aCG
050 4 _aN5613
_bP5.3
245 0 0 _aPigmalión, o, El amor por lo creado /
_cJosé Luis Alcaide ... [et al.] ; ed. Facundo Tomás.
260 _aBarcelona, Esp. :
_bAnthropos,
_c2005.
300 _a381 p. :
_bil.
440 0 _aAutores, textos y temas.
_pTeoría e historia de las artes
650 4 _aARTE Y MITOLOGIA
_918739
650 4 _aMitología griega
_99574
600 0 4 _aPIGMALION
_918740
700 1 _aAlcaide, José Luis,
_ecoaut.
700 1 _aTomás, Facundo,
_eed.
740 3 _aEl amor por lo creado
905 _aLibro
999 _c145821
_d145821